Geografia #2 - Statystyki

Ogólne statystyki
  • Ten quiz został rozwiązany 67 razy
  • Średni wynik to 8 z 15
Statystyki odpowiedzi
Pytanie Odpowiedż % Poprawnych
Polska nazwa Kaliningradu Królewiec
75%
Stolica województwa podkarpackiego Rzeszów
73%
Województwo ze stolicą w Olsztynie Warmińsko - Mazurskie
73%
Stolica UE Bruksela
69%
Państwo na Kaukazie Gruzja / Armenia / Azerbejdżan
65%
Państwo z miastem Koszyce Słowacja
62%
Główny ośrodek Polonii w USA Chicago
60%
Czwarte najludniejsze państwo świata Indonezja
48%
Liczba państw w NATO (2022) 30
44%
Język urzędowy Czadu Francuski
44%
Najwyższa Góra w Tatrach Gerlach
44%
Stolica Nepalu Katmandu
44%
Pierwszy elekcyjny król Polski Henryk Walezy
38%
Stolica Belize Belmopan
29%
Stolica stanu Ohio w USA Columbus
21%
Nie znaleziono quizów pasujących do podanych kryteriów
Rozkład punktacji
Procent ludzi z każdym wynikiem
Percentyl według liczby udzielonych odpowiedzi
Twoja historia wyników
Nie rozwiązałeś tego quizu